000 00735nam a22001577a 4500
003 OSt
005 20150922141554.0
008 150922b xxu||||| |||| 00| 0 eng d
040 _cRUA
082 _aAGR KUY 2009 B039 Or.1
100 _91111
_aKUY, PHEAKDEY
245 _aApplication of lime to acid soil to increase swa tow mustard's yield in svay chrum district,svay reang province ការប្រើប្រាស់កំបោរលើដីអាស៊ីត ដើម្បីបង្កើនទិន្នផលស្ពៃជើងទា នៅស្រុកស្វាយជ្រុំ ខេត្តស្វាយរៀង
260 _aphnom penh
_bRUA
_c2009
300 _axii, 41p
_bill
_c29cm
942 _2ddc
_cAGR
999 _c1063
_d1063